<?xml version="1.0" encoding="UTF-8"?>
<record
    xmlns:xsi="http://www.w3.org/2001/XMLSchema-instance"
    xsi:schemaLocation="http://www.loc.gov/MARC21/slim http://www.loc.gov/standards/marcxml/schema/MARC21slim.xsd"
    xmlns="http://www.loc.gov/MARC21/slim">

  <leader>01433nam a22002657a 4500</leader>
  <datafield tag="999" ind1=" " ind2=" ">
    <subfield code="c">76427</subfield>
    <subfield code="d">76427</subfield>
  </datafield>
  <controlfield tag="005">20220722135951.0</controlfield>
  <controlfield tag="008">      s2558                        tha d</controlfield>
  <datafield tag="020" ind1=" " ind2=" ">
    <subfield code="a">9786161809102</subfield>
  </datafield>
  <datafield tag="040" ind1=" " ind2=" ">
    <subfield code="a">NALT</subfield>
  </datafield>
  <datafield tag="041" ind1=" " ind2=" ">
    <subfield code="a">tha</subfield>
  </datafield>
  <datafield tag="050" ind1=" " ind2=" ">
    <subfield code="a">S 605.5 </subfield>
    <subfield code="b">&#xE28;448&#xE21; 2558</subfield>
  </datafield>
  <datafield tag="100" ind1="0" ind2=" ">
    <subfield code="a">&#xE28;&#xE34;&#xE23;&#xE34;&#xE01;&#xE38;&#xE25; &#xE0B;&#xE37;&#xE48;&#xE2D;&#xE15;&#xE48;&#xE2D;&#xE0A;&#xE32;&#xE15;&#xE34;</subfield>
    <subfield code="9">24994</subfield>
  </datafield>
  <datafield tag="245" ind1="1" ind2="0">
    <subfield code="a">My organic life :</subfield>
    <subfield code="b">&#xE1B;&#xE25;&#xE39;&#xE01;&#xE1C;&#xE31;&#xE01;&#xE2D;&#xE34;&#xE19;&#xE17;&#xE23;&#xE35;&#xE22;&#xE4C;&#xE01;&#xE34;&#xE19;&#xE40;&#xE2D;&#xE07; &#xE43;&#xE0A;&#xE49;&#xE0A;&#xE35;&#xE27;&#xE34;&#xE15;&#xE41;&#xE1A;&#xE1A;&#xE2D;&#xE34;&#xE07;&#xE18;&#xE23;&#xE23;&#xE21;&#xE0A;&#xE32;&#xE15;&#xE34; /</subfield>
    <subfield code="c">&#xE28;&#xE34;&#xE23;&#xE34;&#xE01;&#xE38;&#xE25; &#xE0B;&#xE37;&#xE48;&#xE2D;&#xE15;&#xE48;&#xE2D;&#xE0A;&#xE32;&#xE15;&#xE34; ; &#xE07;&#xE32;&#xE21;&#xE1E;&#xE23;&#xE23;&#xE13; &#xE40;&#xE27;&#xE0A;&#xE0A;&#xE32;&#xE0A;&#xE35;&#xE27;&#xE30;, &#xE1A;&#xE23;&#xE23;&#xE13;&#xE32;&#xE18;&#xE34;&#xE01;&#xE32;&#xE23;.</subfield>
  </datafield>
  <datafield tag="250" ind1=" " ind2=" ">
    <subfield code="a">&#xE1E;&#xE34;&#xE21;&#xE1E;&#xE4C;&#xE04;&#xE23;&#xE31;&#xE49;&#xE07;&#xE17;&#xE35;&#xE48; 2</subfield>
  </datafield>
  <datafield tag="260" ind1=" " ind2=" ">
    <subfield code="a">&#xE01;&#xE23;&#xE38;&#xE07;&#xE40;&#xE17;&#xE1E;&#xE2F; : </subfield>
    <subfield code="b">&#xE2A;&#xE40;&#xE15;&#xE47;&#xE1B;&#xE2A;&#xE4C; &#xE2D;&#xE21;&#xE23;&#xE34;&#xE19;&#xE17;&#xE23;&#xE4C;&#xE1E;&#xE23;&#xE34;&#xE49;&#xE19;&#xE15;&#xE34;&#xE49;&#xE07;&#xE41;&#xE2D;&#xE19;&#xE14;&#xE4C;&#xE1E;&#xE31;&#xE1A;&#xE25;&#xE34;&#xE0A;&#xE0A;&#xE34;&#xE48;&#xE07;, </subfield>
    <subfield code="c">2558.</subfield>
  </datafield>
  <datafield tag="300" ind1=" " ind2=" ">
    <subfield code="a">128 &#xE2B;&#xE19;&#xE49;&#xE32; :</subfield>
    <subfield code="b">&#xE20;&#xE32;&#xE1E;&#xE1B;&#xE23;&#xE30;&#xE01;&#xE2D;&#xE1A; ;</subfield>
    <subfield code="c">23 &#xE0B;&#xE21;.</subfield>
  </datafield>
  <datafield tag="650" ind1=" " ind2="4">
    <subfield code="a">&#xE1C;&#xE31;&#xE01;&#xE44;&#xE23;&#xE49;&#xE2A;&#xE32;&#xE23;&#xE1E;&#xE34;&#xE29;</subfield>
    <subfield code="9">37805</subfield>
  </datafield>
  <datafield tag="650" ind1=" " ind2="4">
    <subfield code="a">&#xE2A;&#xE27;&#xE19;&#xE04;&#xE23;&#xE31;&#xE27;</subfield>
    <subfield code="9">33450</subfield>
    <subfield code="x">&#xE01;&#xE32;&#xE23;&#xE1B;&#xE25;&#xE39;&#xE01;</subfield>
  </datafield>
  <datafield tag="650" ind1=" " ind2="4">
    <subfield code="a">&#xE1C;&#xE31;&#xE01;</subfield>
    <subfield code="9">24995</subfield>
    <subfield code="x">&#xE01;&#xE32;&#xE23;&#xE1B;&#xE25;&#xE39;&#xE01;</subfield>
  </datafield>
  <datafield tag="650" ind1=" " ind2="4">
    <subfield code="a">&#xE40;&#xE01;&#xE29;&#xE15;&#xE23;&#xE2D;&#xE34;&#xE19;&#xE17;&#xE23;&#xE35;&#xE22;&#xE4C;</subfield>
    <subfield code="9">3572</subfield>
  </datafield>
  <datafield tag="700" ind1="0" ind2=" ">
    <subfield code="a">&#xE07;&#xE32;&#xE21;&#xE1E;&#xE23;&#xE23;&#xE13; &#xE40;&#xE27;&#xE0A;&#xE0A;&#xE32;&#xE0A;&#xE35;&#xE27;&#xE30;</subfield>
    <subfield code="9">6150</subfield>
  </datafield>
  <datafield tag="850" ind1=" " ind2=" ">
    <subfield code="a">NALT</subfield>
  </datafield>
  <datafield tag="942" ind1=" " ind2=" ">
    <subfield code="c">GB</subfield>
    <subfield code="2">lcc</subfield>
  </datafield>
  <datafield tag="998" ind1=" " ind2=" ">
    <subfield code="j">104</subfield>
    <subfield code="k"> &#xE19;&#xE32;&#xE07;&#xE2A;&#xE32;&#xE27;&#xE2A;&#xE32;&#xE22;&#xE1D;&#xE19;  &#xE14;&#xE35;&#xE07;&#xE32;&#xE21;</subfield>
  </datafield>
  <datafield tag="952" ind1=" " ind2=" ">
    <subfield code="0">0</subfield>
    <subfield code="1">0</subfield>
    <subfield code="2">lcc</subfield>
    <subfield code="4">0</subfield>
    <subfield code="7">0</subfield>
    <subfield code="8">CGBL</subfield>
    <subfield code="a">NALT</subfield>
    <subfield code="b">NALT</subfield>
    <subfield code="e">&#xE08;&#xE31;&#xE14;&#xE0B;&#xE37;&#xE49;&#xE2D;&#xE17;&#xE23;&#xE31;&#xE1E;&#xE22;&#xE32;&#xE01;&#xE23;</subfield>
    <subfield code="g">269.00</subfield>
    <subfield code="l">0</subfield>
    <subfield code="o">S 605.5 &#xE28;448&#xE21; 2558</subfield>
    <subfield code="p">3961204066</subfield>
    <subfield code="r">2017-06-09 00:00:00</subfield>
    <subfield code="v">319.00</subfield>
    <subfield code="w">2017-06-09</subfield>
    <subfield code="y">GB</subfield>
  </datafield>
</record>
